Rick Husband Amarillo Int. Airport Destinations (Amarillo, TX, USA) - Statistics

General Stats
  • This quiz has been taken 54 times
  • The average score is 7 of 7
Answer Stats
Airline Destination % Correct
American Airlines/American Eagle Dallas/Fort Worth
97%
Southwest Airlines Dallas (Love)
97%
Southwest Airlines Houston (Hobby)
97%
United Express Houston (Intercontinental)
97%
Southwest Airlines Austin
95%
United Express Denver
92%
Southwest Airlines Las Vegas
84%
No matching quizzes found
Score Distribution
Percent of People with Each Score
Percentile by Number Answered
Your Score History
You have not taken this quiz